<The> tax system in Japan <a> need for comprehensive reform

Gespeichert in:
Bibliographische Detailangaben
1. Verfasser: Dalsgaard, Thomas
Weitere Verfasser: Kawagoe, Masaaki
Format: Buch
Sprache:Englisch
Veröffentlicht: Paris OECD 2000
Schriftenreihe:Economics department working papers No. 231
Schlagworte:
Tags: Tag hinzufügen
Keine Tags, Fügen Sie das erste Tag hinzu!

MARC

LEADER 00000nam a2200000 4500
001 c122662
005 20221221084826.5
041 0 |a eng 
044 |a FR 
245 1 0 |a <The> tax system in Japan  |b <a> need for comprehensive reform  |c by Thomas Dalsgaard and Masaaki Kawagoe 
264 1 |a Paris  |b OECD  |c 2000 
300 |a 87 s. 
490 1 |a Economics department working papers  |v No. 231 
830 0 |a Economics department working papers  |v No. 231 
610 2 0 |a dane 
610 2 0 |a systémy daňové 
610 2 0 |a politika daňová 
610 2 0 |a reformy 
610 2 0 |a Japonsko 
100 1 |a Dalsgaard, Thomas 
700 1 |a Kawagoe, Masaaki